000 00806nam a22002417a 4500
005 20110908142246.0
008 110908t xxu||||| |||| 00| 0 eng d
010 _aENG-103659
020 _a9789350012543
_c80.00
035 _aEN-87192
037 _bDBAD/PUB
040 _aDPL
_bEng
082 _a371.3078
100 _934630
_aJeevanantham, V.
245 _aRecent trends in educational technology /
_cby V. Jeevanantham
260 _aPerambalur
_bMercury Printers & Publishers
_c2010
270 _aPerambalur
_e621212
300 _a70p.
_c22cm (pbk)
650 _934631
700 _934646
942 _2ddc
_cEN
_h371.3078
_mJEE
999 _c56531
_d56531